| 000 | 00375nam a22001697a 4500 | ||
|---|---|---|---|
| 005 | 20160614103215.0 | ||
| 008 | 160614b xxu||||| |||| 00| 0 eng d | ||
| 020 | _a81-203-1196-5 | ||
| 041 | _aeng | ||
| 082 | _b7332 | ||
| 100 |
_aClarke, Liz _91840 |
||
| 245 | _aThe essence of Change | ||
| 260 |
_bPHI _c2002 |
||
| 300 | _a196 | ||
| 650 |
_aManagement _9241 |
||
| 942 | _cBK | ||
| 999 |
_c2587 _d2586 |
||